| 000 | 00000cam 2200000zi 4500 |
| 001 | 9.958138 |
| 003 | CaOODSP |
| 005 | 20251211095707 |
| 006 | m o d f |
| 007 | cr |n||||||||| |
| 008 | 251210s1927 nsc o f|0| 0 eng d |
| 040 | |aCaOODSP|beng|erda|cCaOODSP |
| 043 | |an-cn--- |
| 086 | 1 |aFs52-5/17-1927E-PDF |
| 100 | 1 |aChipman, H. Ritchie, |eauthor. |
| 245 | 13|aAn investigation of the vitamin-A content of certain fish oils using the colour test / |cH. Ritchie Chipman. |
| 264 | 1|aHalifax : |bBiological Board of Canada, |c1927. |
| 300 | |a1 online resource (3 pages). |
| 336 | |atext|btxt|2rdacontent |
| 337 | |acomputer|bc|2rdamedia |
| 338 | |aonline resource|bcr|2rdacarrier |
| 490 | 1 |aManuscript reports of the experimental stations ; |vno. 17 |
| 500 | |aDigitized edition from print [produced by Department of Fisheries and Oceans]. |
| 520 | |a"The Fisheries Experimental Station, (Atlantic) has recently baen interested in the colour test for vitamin-A using a solution of antimony triohloride in chloroform, and it was decided to apply this test to some dogfish liver oil and compare it with some samples of cod liver oil"--page 1. |
| 650 | 0|aFish oils|xComposition. |
| 650 | 0|aVitamin A. |
| 650 | 6|aHuiles de poisson|xComposition. |
| 650 | 6|aVitamine A. |
| 710 | 2 |aBiological Board of Canada, |eissuing body. |
| 830 | #0|aManuscript reports of the experimental stations ;|vno. 17.|w(CaOODSP)9.948621 |
| 856 | 40|qPDF|s1.49 MB|uhttps://publications.gc.ca/collections/collection_2025/mpo-dfo/fs52-5/Fs52-5-17-1927-eng.pdf |